000 01077cam a2200349 a 4500
001 16217555
003 OSt
005 20160929181905.0
008 100504s2010 nyua b 001 0 eng
010 _a 2010018802
015 _aGBB077764
_2bnb
016 7 _a101530139
_2DNLM
016 7 _a015588524
_2Uk
020 _a9780071470797
020 _a0071470794
035 _a(OCoLC)ocn612188969
040 _aDNLM/DLC
_cDLC
_dBTCTA
_dBAKER
_dYDXCP
_dNLM
_dUKM
_dC#P
_dDLC
050 0 0 _aRD119
_b.C6815 2010
060 0 0 _a2010 L-835
060 1 0 _aWO 600
_bC83414 2010
082 0 0 _aWO 600 G75c 2011
_222
100 _aEdited by Robert T. Grant, ;Constance M. Chen.
_911121
245 0 0 _aCosmetic Surgery
260 _aNew York :
_bMcGraw-Hill Medical,
_cc2010.
300 _axi, 287 p. :
_bcol. ill. ;
_c24 cm.
500 _a"A Lange medical book."
504 _aIncludes bibliographical references and index.
650 0 _aPlastic Surgery
_9579
650 1 2 _aReconstructive Procedures.
_93844
906 _a7
_bcbc
_corignew
_d1
_eecip
_f20
_gy-gencatlg
942 _2z
_cSLOAN
999 _c1458
_d1458